| 000 | 00480nmm a2200169Ia 4500 | ||
|---|---|---|---|
| 008 | 251105s9999||||xx |||||||||||||||||und|| | ||
| 020 | _a9788492509393 | ||
| 041 | _aspa | ||
| 100 | _aMediavilla Pérez, María Jesús | ||
| 245 | 0 | _aLa atmósfera: materia y radiación | |
| 264 |
_a[Madrid, España] : _bEquipo Sirius, _c2004 |
||
| 300 | _a398 páginas | ||
| 490 | _aCienTemas | ||
| 650 | _aSciences | ||
| 856 | _uhttps://public.digitaliapublishing.com/a/13533 | ||
| 942 | _cCF | ||
| 999 |
_c88841 _d88841 |
||